000 00444nam a2200193Ia 4500
005 20240823045401.0
008 240823s9999||||xx |||||||||||||| ||und||
020 _a0-74840674-3
041 _aENGLISH
082 _A574.14 P4
100 _aAigad Vonshak
245 0 _aSpirulina Platensis (Arthrospira)
250 _a1st
260 _c2004
_bTaylor & Fr
500 _aYES
650 _aGeneral
_bGeneral
942 _cBK
999 _c214834
_d214834